| 000 | 00376nam a22001337a 4500 | ||
|---|---|---|---|
| 082 |
_a940.545 _bSTR _c30,P-32 |
||
| 100 |
_aStrabolgi, R.N, Lord _948977 |
||
| 245 |
_aFrom Gibraltar to Suez _cLord Strabolgi, R.N |
||
| 260 |
_aLondon _bHutchinson & Co _c2-01-97 |
||
| 300 | _axi, 263 p.: | ||
| 526 |
_a0 _b0 _c0 _d940_545000000000000_STR |
||
| 650 |
_aMCE _9379 |
||
| 942 |
_2ddc _cBK |
||
| 999 |
_c551819 _d551819 |
||